000 00649nam a22002417a 4500
001 sjds
003 sjds
005 20221222114459.0
008 221222b sp ||||| |||| 00| 0 spa d
020 _a9788434843783
022 _28434843781
040 _csjds
041 _aspa
100 1 _aValat, Pierre-Marie
245 1 3 _aEl agua
_cPierre-Marie Valat, Paz Barroso, Gallimard jeunesse
246 _aEl agua
260 _aMadrid :
_bSM,
_cc1994
300 _a[22], [6] p. de lam. :
_bprincipalmente il. color ;
_c19 cm
440 _aMunda Maravilloso
700 1 _aBarroso, Paz
710 2 _aGallimard jeunesse,
_ePublisher
942 _cBK
999 _c27604
_d27604